[Event "Chess.com Classic Play In"]
[Site "Chess.com INT"]
[Date "2024.05.08"]
[Round "8"]
[White "Andreikin, Dmitry"]
[Black "Deac, Bogdan Daniel"]
[Result "1/2-1/2"]
[WhiteElo "2729"]
[BlackElo "2693"]
[PlyCount "60"]
[EventDate "2024.05.08"]
[EventType "swiss (rapid)"]
[EventRounds "9"]
[EventCountry "USA"]
[SourceTitle "CB20_2024"]
[SourceDate "2024.05.16"]
[SourceVersion "1"]
[SourceVersionDate "2024.05.16"]
[SourceQuality "1"]

1. e4 e5 2. Nf3 Nc6 3. Nc3 Nf6 4. d4 exd4 5. Nxd4 Bb4 6. Nxc6 bxc6 7. Bd3 0-0 8. 0-0 d5 9. Bd2 Bxc3 10. Bxc3 dxe4 11. Bxf6 Qxf6 12. Bxe4 Qxb2 13. Bxc6 Rb8 14. Rb1 Qxb1 15. Qxb1 Rxb1 16. Rxb1 Rd8 17. Bf3 Kf8 18. Rb5 Be6 19. Rc5 Bxa2 20. Rxc7 a5 21. Ra7 Rd2 22. Ra8+ Ke7 23. Ra7+ Kf6 24. Rxa5 Rxc2 25. h3 Be6 26. Bd5 Bxd5 27. Rxd5 g6 28. Ra5 h5 29. g3 Rc4 30. Kg2 Kg7 1/2-1/2

[Event "Chess.com Classic Play In"]
[Site "Chess.com INT"]
[Date "2024.05.08"]
[Round "4"]
[White "Deac, Bogdan Daniel"]
[Black "Ohanyan, Emin"]
[Result "1-0"]
[WhiteElo "2693"]
[BlackElo "2488"]
[PlyCount "73"]
[EventDate "2024.05.08"]
[EventType "swiss (rapid)"]
[EventRounds "9"]
[EventCountry "USA"]
[SourceTitle "CB20_2024"]
[SourceDate "2024.05.16"]
[SourceVersion "1"]
[SourceVersionDate "2024.05.16"]
[SourceQuality "1"]

1. d4 Nf6 2. c4 e6 3. Nc3 Bb4 4. e3 0-0 5. Bd3 d5 6. Nf3 dxc4 7. Bxc4 c5 8. 0-0 Nc6 9. a3 Ba5 10. Qd3 a6 11. dxc5 Qxd3 12. Bxd3 Bxc3 13. bxc3 Nd7 14. a4 Nxc5 15. Bc2 Na5 16. Ba3 b6 17. Rfb1 Nc4 18. Rxb6 Nxa3 19. Rxa3 Bd7 20. a5 Rfc8 21. Ng5 h6 22. Ne4 Kf8 23. f3 Ke7 24. Kf2 Ra7 25. Ke1 Rac7 26. Nxc5 Rxc5 27. Rxa6 Rxc3 28. Rxc3 Rxc3 29. Kd2 Ra3 30. e4 f6 31. Kc1 Ra1+ 32. Kb2 Rg1 33. Ra7 Rxg2 34. a6 Rd2 35. Kc3 Rd6 36. Ba4 Kf8 37. Bxd7 1-0

[Event "Chess.com Classic Play In"]
[Site "Chess.com INT"]
[Date "2024.05.08"]
[Round "3"]
[White "Vaishali, Ramesh Babu"]
[Black "Deac, Bogdan Daniel"]
[Result "0-1"]
[WhiteElo "2490"]
[BlackElo "2693"]
[PlyCount "126"]
[EventDate "2024.05.08"]
[EventType "swiss (rapid)"]
[EventRounds "9"]
[EventCountry "USA"]
[SourceTitle "CB20_2024"]
[SourceDate "2024.05.16"]
[SourceVersion "1"]
[SourceVersionDate "2024.05.16"]
[SourceQuality "1"]

1. e4 c5 2. Nf3 d6 3. h3 Nf6 4. Nc3 Nc6 5. d4 cxd4 6. Nxd4 g6 7. Be3 Bg7 8. Qd2 Bd7 9. 0-0-0 Rc8 10. Kb1 h5 11. f3 a6 12. Be2 h4 13. Nxc6 Rxc6 14. Nd5 Nxd5 15. exd5 Rc8 16. Bd4 Bf6 17. Bxf6 exf6 18. Bd3 Kf8 19. Qf4 Bb5 20. c4 Be8 21. Rhe1 b5 22. cxb5 Bxb5 23. Bxb5 axb5 24. Rc1 Rxc1+ 25. Rxc1 Rh5 26. Qd4 Kg7 27. a3 Rg5 28. Rc2 Re5 29. Rd2 Qc8 30. Ka2 Qc1 31. Kb3 Re3+ 32. Kb4 Re8 33. Qc3 Qf1 34. Qd4 Rc8 35. Kb3 Rc4 36. Qd3 Qg1 37. Ka2 Qc5 38. Kb3 Qb6 39. Rc2 Rxc2 40. Kxc2 Qf2+ 41. Qd2 Qc5+ 42. Kb1 Qc4 43. Qd1 g5 44. b3 Qc5 45. Kb2 Qf2+ 46. Qc2 Qd4+ 47. Qc3 Qf2+ 48. Qc2 Qd4+ 49. Qc3 Qxd5 50. a4 bxa4 51. bxa4 Qd1 52. Ka3 d5 53. a5 d4 54. Qb3 Qc1+ 55. Ka4 Qc6+ 56. Kb4 Qb7+ 57. Ka4 Qd7+ 58. Kb4 d3 59. a6 Qd4+ 60. Ka5 d2 61. Qd1 Qc3+ 62. Kb6 Qc1 63. Qe2 d1Q 0-1

[Event "Titled Tuesday intern op 30th Apr Early"]
[Site "Chess.com INT"]
[Date "2024.04.30"]
[Round "11"]
[White "Deac, Bogdan Daniel"]
[Black "Hakobyan, Aram"]
[Result "0-1"]
[WhiteElo "2692"]
[BlackElo "2619"]
[PlyCount "38"]
[EventDate "2024.04.30"]
[EventType "swiss (blitz)"]
[EventRounds "11"]
[EventCountry "USA"]
[SourceTitle "CB19_2024"]
[SourceDate "2024.05.08"]
[SourceVersion "1"]
[SourceVersionDate "2024.05.08"]
[SourceQuality "1"]

1. d4 g6 2. e4 Bg7 3. Nf3 Nf6 4. e5 Ne4 5. Bd3 d5 6. c4 c6 7. 0-0 0-0 8. Re1 Bf5 9. Nh4 e6 10. Nxf5 exf5 11. Nc3 Re8 12. Qb3 Nxf2 13. Kxf2 Qh4+ 14. Kf1 Qxd4 15. Bc2 Nd7 16. cxd5 Nxe5 17. Qa4 Nd3 18. Rxe8+ Rxe8 19. Bxd3 Qxd3+ 0-1

[Event "Titled Tuesday intern op 30th Apr Early"]
[Site "Chess.com INT"]
[Date "2024.04.30"]
[Round "7"]
[White "Deac, Bogdan Daniel"]
[Black "Xu, Yi"]
[Result "1-0"]
[WhiteElo "2692"]
[BlackElo "2495"]
[PlyCount "83"]
[EventDate "2024.04.30"]
[EventType "swiss (blitz)"]
[EventRounds "11"]
[EventCountry "USA"]
[SourceTitle "CB19_2024"]
[SourceDate "2024.05.08"]
[SourceVersion "1"]
[SourceVersionDate "2024.05.08"]
[SourceQuality "1"]

1. Nf3 d5 2. g3 Nf6 3. Bg2 e6 4. c4 Be7 5. 0-0 0-0 6. d4 dxc4 7. Qc2 a6 8. a4 Bd7 9. Qxc4 Bc6 10. Bf4 Bd6 11. Qc1 Nbd7 12. Nc3 Qe7 13. a5 h6 14. Rd1 Nd5 15. Bd2 N7f6 16. Qc2 Nxc3 17. bxc3 Be4 18. Qb3 c5 19. Ne1 Bxg2 20. Nxg2 Rac8 21. Rab1 Rc7 22. Bf4 Bxf4 23. Nxf4 Rd8 24. Qa3 Nd5 25. Nxd5 Rxd5 26. e4 Rd8 27. d5 exd5 28. exd5 Rd6 29. c4 Qf6 30. Re1 g6 31. Rb3 Rd8 32. Qc1 Kg7 33. Rb6 Qd4 34. Rd1 Qe5 35. Re1 Qd4 36. Rb3 Qf6 37. Kg2 Re7 38. Rxe7 Qxe7 39. Qb2+ Kg8 40. Re3 Qd7 41. Qb6 Qg4 42. Qxd8+ 1-0

[Event "Titled Tuesday intern op 02nd Apr Late"]
[Site "Chess.com INT"]
[Date "2024.04.02"]
[Round "1"]
[White "Deac, Bogdan Daniel"]
[Black "Shubenkova, Veronika"]
[Result "1-0"]
[WhiteElo "2692"]
[BlackElo "2113"]
[PlyCount "47"]
[EventDate "2024.04.02"]
[EventType "swiss (blitz)"]
[EventRounds "11"]
[EventCountry "USA"]
[SourceTitle "CB15_2024"]
[SourceDate "2024.04.10"]
[SourceVersion "1"]
[SourceVersionDate "2024.04.10"]
[SourceQuality "1"]

1. d4 d5 2. Nf3 e6 3. Bf4 Nf6 4. e3 Bd6 5. Bg3 0-0 6. c4 c5 7. dxc5 Bxc5 8. Nc3 dxc4 9. Bxc4 a6 10. Qc2 Qe7 11. Bd3 b5 12. Ne4 Bb4+ 13. Ke2 Bb7 14. a3 Nxe4 15. Bxe4 Ba5 16. Rhd1 Rc8 17. Qxc8+ Bxc8 18. Bxa8 Nd7 19. Rac1 Nb6 20. b4 Nc4 21. bxa5 e5 22. Nxe5 Be6 23. Nc6 Bg4+ 24. Ke1 1-0

[Event "Titled Tuesday intern op 12th Mar Late"]
[Site "Chess.com INT"]
[Date "2024.03.12"]
[Round "1"]
[White "Deac, Bogdan Daniel"]
[Black "Vlassov, Nikolai"]
[Result "1-0"]
[WhiteElo "2690"]
[BlackElo "2299"]
[PlyCount "65"]
[EventDate "2024.03.12"]
[EventType "swiss (blitz)"]
[EventRounds "11"]
[EventCountry "USA"]
[SourceTitle "CB12_2024"]
[SourceDate "2023.10.01"]
[SourceVersion "1"]
[SourceVersionDate "2023.10.01"]
[SourceQuality "1"]

1. d4 Nf6 2. c4 Nc6 3. Nf3 e6 4. g3 Bb4+ 5. Bd2 a5 6. Bg2 d6 7. 0-0 e5 8. e3 Bg4 9. h3 Bxf3 10. Bxf3 Bxd2 11. Qxd2 0-0 12. Nc3 Re8 13. Rfd1 Qe7 14. Rac1 h6 15. Bg2 Rad8 16. Nd5 Nxd5 17. cxd5 Nb4 18. a3 Na6 19. Qxa5 Rc8 20. dxe5 Qxe5 21. b4 Nb8 22. Rxc7 Rxc7 23. Qxc7 Qb2 24. Qxd6 Qxa3 25. Qb6 Qb3 26. Bf3 Nd7 27. Qb5 Rd8 28. d6 b6 29. Kg2 Kh8 30. Rd4 f6 31. Bc6 Ne5 32. Qxb6 Nxc6 33. Qxc6 1-0